MDQL
is popping MORE tags! Check the
thread
!
Quizzes
Events
Quiz Creation
Community
Videos
Private Events
Remove Ads
Sign In
Join for FREE
Feedback
Dark Mode
Quiz Categories
Sports
Geography
Music
Movies
Television
Just For Fun
Miscellaneous
History
Literature
Language
Science
Gaming
Entertainment
Religion
Holiday
For Kids
Quiz Lab
Recent
Popular Today
Quiz Kudos Today
Editor Picks
Curator Picks
Quizzes by...
Day
Popularity
Type
Ratings
Length
Year
Community
Subscriptions
Recent Discussions
Orange Saloon
Badges
Playlists
Quests
Create
Leaderboards
Showdown
Live 5
Trivia Bingo
Activity
Puzzle Library
Sporcle Events
Private Events
Virtual Trivia
Globe League
Become a Host
Pub Owners
SporcleCon
Opinionation
Our Games
Videos
Blog
Mobile Apps
Partnerships
Remove Ads and Go Orange
Feedback
Sports
Athletes
MLB
NBA
NHL
NFL
Soccer
Sports Teams
WWE
NCAA
Football
Premier League
Basketball
Baseball
Hockey
Golf
Tennis
Cricket
Rugby
Auto Racing
Olympics
World Cup
Sports
Athletes
MLB
NBA
NHL
NFL
Soccer
Sports Teams
WWE
NCAA
Football
Premier League
Basketball
Baseball
Hockey
Golf
Tennis
Cricket
Rugby
Auto Racing
Olympics
World Cup
Random Quiz
Search Sporcle
×
Quiz Lab
Quiz Lab
Sports
Basketball
Type in answers that appear in a list
Type in answers that appear in a list
Classic
Best Score? Go Orange.
Most 3-Pointers (2000's) Stats
Can you name the players with the most 3-pointers each season in the 2000's?
By
mk31
6m
62 Questions
103 Plays
103 Plays
103 Plays
Comments
Comments
Give Quiz Kudos
Give Quiz Kudos
-
- Ratings
hide this ad
Replay
Link that replays current quiz
Next Quiz
Link to next quiz in quiz playlist
You Got
0%
They Got
Avg Score
67%
Avg Friend Score
Upgrade to see
Score Distribution
Jump to the score distribution portion of the page
Score
0/62
Timer
06:00
0
Plays Today
Season
Player
% Correct
2000-
2001
Ray Allen
99%
2001-
2002
Ray Allen
99%
2002-
2003
Ray Allen
99%
2004-
2005
Ray Allen
99%
2005-
2006
Ray Allen
99%
2007-
2008
Ray Allen
99%
2008-
2009
Ray Allen
99%
2010-
2011
Ray Allen
99%
2006-
2007
Mike Miller
91.3%
2000-
2001
Reggie Miller
90.3%
2001-
2002
Reggie Miller
90.3%
2001-
2002
Paul Pierce
86.4%
2000-
2001
Antoine Walker
85.4%
2001-
2002
Antoine Walker
85.4%
2002-
2003
Antoine Walker
85.4%
2011-
2012
Kevin Durant
84.5%
2001-
2002
Jason Terry
81.6%
2003-
2004
Peja Stojakovic
81.6%
2007-
2008
Peja Stojakovic
81.6%
2011-
2012
Jason Terry
81.6%
2002-
2003
Tracy Mcgrady
75.7%
2003-
2004
Tracy Mcgrady
75.7%
2002-
2003
Michael Redd
73.8%
2005-
2006
Chauncey Billups
72.8%
2004-
2005
Quentin Richardson
70.9%
2007-
2008
Jason Richardson
70.9%
2010-
2011
Jason Richardson
70.9%
2007-
2008
Rashard Lewis
68%
2008-
2009
Rashard Lewis
68%
2009-
2010
Rashard Lewis
68%
2011-
2012
Brandon Jennings
68%
Season
Player
% Correct
2011-
2012
Ryan Anderson
67%
2003-
2004
Baron Davis
66%
2009-
2010
Jason Kidd
65%
2008-
2009
Mo Williams
64.1%
2008-
2009
Danny Granger
62.1%
2003-
2004
Eddie Jones
61.2%
2004-
2005
Damon Jones
61.2%
2005-
2006
Mike Bibby
61.2%
2008-
2009
J.R. Smith
61.2%
2006-
2007
Gilbert Arenas
60.2%
2002-
2003
Allan Houston
58.3%
2004-
2005
Kyle Korver
58.3%
2007-
2008
Stephen Jackson
58.3%
2005-
2006
Kyle Korver
58.3%
2011-
2012
Steve Novak
57.3%
2000-
2001
Jerry Stackhouse
52.4%
2010-
2011
Kevin Martin
49.5%
2009-
2010
Channing Frye
48.5%
2010-
2011
Channing Frye
48.5%
2011-
2012
Wesley Matthews
46.6%
2000-
2001
Tim Hardaway
45.6%
2005-
2006
Raja Bell
45.6%
2006-
2007
Raja Bell
45.6%
2006-
2007
Leandro Barbosa
42.7%
2009-
2010
Aaron Brooks
40.8%
2003-
2004
Jamal Crawford
37.9%
2004-
2005
Gilbert Arenas
35%
2005-
2006
Gilbert Arenas
35%
2010-
2011
Dorell Wright
32%
2009-
2010
Danilo Gallinari
22.3%
2006-
2007
Rafer Alston
14.6%
Quiz Playlist
Details
Report
Send in Message
Add To Playlist
Classic:
Type in answers that appear in a list
Last Updated: Feb 16, 2017
Quiz Scoreboard
CHALLENGE
Sign Up to Join the Scoreboard
Show All
Scores
Hide
Comments
May contain spoilers
Recently Published
Colored Red Africa Blitz
by spor1
Geography
30s
Find the 'City' Movie
by crazypaving
Movies
60s
5x2 Blitz: Bands
by SL_Kpop136
Music
30s
More to Explore
Quiz From the Vault
Featured Blog Post
14 Easter Pick-up Lines to Find Eggs With
hide this ad
You Might Also Like...
Tags
Basketball Quiz
NBA Quiz
3-Point Champions
3-pt
3 Point
Today's Top Quizzes in Sports
Browse Sports
hide this ad
Today's Top Quizzes in Basketball
Browse Basketball
Top Contributed Quizzes in Sports
1
Players with Multiple 50 Home Run Seasons
2
Les entraîneurs de l'OM et du PSG au 21e siècle
3
Criteria MLB: Left Handed Sluggers
4
2022 World Cup Stars
5
Les meilleurs buteurs des matchs entre le PSG et l’OM
6
Who Hit More Homers?
7
Les joueurs passés par le PSG et l'OM
8
NBA Logic Puzzle 2.0
9
Top 10 NHL Goal Scorers of All Time
10
MLB Players with Two .350 Batting Average Seasons
Explore More
Trending Topics
Crossword
NBA
Disney
Marvel
Kpop
Harry Potter
Anime
WWE
Soccer
NFL
Country
Puzzle
Song
Pokémon
The Office
hide this ad
More By:
mk31
Quiz
Plays
Rating
Category
Featured
Created
Big Bang Theory Name Match-Up
132,401
4.15
Television
Nov 30, 2013
Criteria Characters: The Walking Dead
131,320
2.48
Television
Dec 7, 2013
College Football Playoff Teams Minefield
122,500
4.25
Sports
Dec 14, 2019
Artist/Song Match (2000s)
121,809
4.07
Music
Oct 10, 2013
Alliterative Countries and Continents Map
119,281
4.24
Geography
Mar 12, 2014
Go to Creator's Profile
Score Distribution
Quiz Creator Spotlight
mk31
Follow
Send a Message
Quizzes Created
-
Created Quiz Play Count
-
More By This Creator
Popular Quizzes Today
1
Find the 'City' Movie
2
Colored Red Africa Blitz
3
Find the US States - No Outlines Minefield
4
5x2 Blitz: Bands
5
The Countries of the World
6
Find the US States
7
US States
8
9x9 Crossword: Cartoon Network
More Sports Quizzes
Top 100 Fifa 20 Players
Quiz Lab
Trending Quizzes
Colored Red Europe Blitz I
Colored Red Africa Blitz II
Colored Red Europe Blitz II
Colored Red Africa Blitz III
Colored Red Europe Blitz III
Recently Updated
2024 March Madness Bracket
pecheneg
Famous TV Couples
Peacemaker
Champions League XIs: Real Madrid
pecheneg
Largest US Cities 1790-2010
pecheneg
Rides in Walt Disney World
pecheneg
Most Oscar Losses (Acting)
pecheneg
Beyoncé Albums
pecheneg
Leaping Animals
pecheneg
Reality TV Shows (A-Z)
bhenderson79
Rickey Henderson's Hall of Fame Teammates
pecheneg
Trending Topics
Marvel
Anime
Crossword
Disney
NBA
Harry Potter
Kpop
Soccer
WWE
Puzzle
The Office
Country
Pokémon
NFL
Song
Your Account Isn't Verified!
In order to create a playlist on Sporcle, you need to verify the email address you used during registration. Go to your
Sporcle Settings
to finish the process.
Report this User
Report this user for behavior that violates our
Community Guidelines
.
Details:
Send Report
Go to the Sporcle.com Mobile Site →
Comments